00644nam a2200217 450000500170000001000150001702000260003203500140005803700090007208200150008110000190009624500720011525000060018726000400019327000740023330000200030770000240032770000230035170000270037470000250040120250711122451.0 aENG-145933 a9789390082513c250.00 aEN-129465 bDBAD a658.47821 aS. Sheeba Rani aMeasurements, Sensors and Control SystemscS. Sheeba Rani...[et,al] a1 aMaduraibShanlax Publicationsc2020 a61,66 Vasantha Nagar bMaduraie625003mshanlaxpublications@gmail.com a125p.c29cm(Pb) aK. C. RamyaeAuthor aV. GomathyeAuthor aS. SivaranjanieAuthor aS. MarichamyeAuthor